Strength of Materials (Record no. 6164)

000 -LEADER
fixed length control field 00468nam a22001937a 4500
001 - CONTROL NUMBER
control field 6164
003 - CONTROL NUMBER IDENTIFIER
control field BD-DhUET
008 - FIXED-LENGTH DATA ELEMENTS--GENERAL INFORMATION
fixed length control field 141130b xxu||||| |||| 00| 0 eng d
040 ## - CATALOGING SOURCE
Original cataloging agency DLC
Transcribing agency DLC
Modifying agency BD-DhUET
082 ## - DEWEY DECIMAL CLASSIFICATION NUMBER
Classification number 620.11
Item number KHU/1984
100 ## - MAIN ENTRY--PERSONAL NAME
Personal name Khurmi, R. S.
245 ## - TITLE STATEMENT
Title Strength of Materials
250 ## - EDITION STATEMENT
Edition statement 14th ed.
260 ## - PUBLICATION, DISTRIBUTION, ETC. (IMPRINT)
Place of publication, distribution, etc. New Delhi
Name of publisher, distributor, etc. S. Chand
Date of publication, distribution, etc. 1984
300 ## - PHYSICAL DESCRIPTION
Extent vi, 991 p.
Other physical details ill.
650 #0 - SUBJECT ADDED ENTRY--TOPICAL TERM
Topical term or geographic name as entry element Strength of materials
700 ## - ADDED ENTRY--PERSONAL NAME
Personal name Lal, Jagdish
942 ## - ADDED ENTRY ELEMENTS (KOHA)
Koha item type General Book
Holdings
Not for loan Price effective from Damaged status Shelving location Koha item type Piece designation (barcode) Koha normalized classification for sorting Sublocation or collection (holding branch) Date acquired Koha full call number Location (home branch) Koha date last seen Lost status Withdrawn status Source of classification or shelving scheme Copy number
 2014-11-30 Circulation sectionGeneral Book58300620_110000000000000_KHU_1984Central Library, BUET2014-11-30620.11/KHU/1984Central Library, BUET2014-11-30   1
 2014-12-04 Circulation sectionGeneral Book58299620_110000000000000_KHU_1984Central Library, BUET2014-12-04620.11/KHU/1984Central Library, BUET2014-12-04   2
 2014-12-04 Circulation sectionGeneral Book58304620_110000000000000_KHU_1984Central Library, BUET2014-12-04620.11/KHU/1984Central Library, BUET2017-01-25   3
 2014-12-06 Circulation sectionGeneral Book58293620_110000000000000_KHU_1984Central Library, BUET2014-12-06620.11/KHU/1984Central Library, BUET2014-12-06   4
 2014-12-06 Circulation sectionGeneral Book39805620_110000000000000_KHU_1984Central Library, BUET2014-12-06620.11/KHU/1984Central Library, BUET2014-12-06   5
 2015-04-30 Circulation sectionGeneral Book58305620_110000000000000_KHU_1984Central Library, BUET2015-04-30620.11/KHU/1984Central Library, BUET2015-04-30   6
 2015-04-30 Circulation sectionGeneral Book58303620_110000000000000_KHU_1984Central Library, BUET2015-04-30620.11/KHU/1984Central Library, BUET2015-04-30   7
 2015-06-20 Reading sectionReading Item58306620_110000000000000_KHU_1984Central Library, BUET2015-06-20620.11/KHU/1984Central Library, BUET2015-06-20   8
 2015-06-28 Reading sectionReading Item58297620_110000000000000_KHU_1984Central Library, BUET2015-06-28620.11/KHU/1984Central Library, BUET2015-06-28   11
 2015-06-28 Reading sectionReading Item58298620_110000000000000_KHU_1984Central Library, BUET2015-06-28620.11/KHU/1984Central Library, BUET2015-06-28   10
 2015-06-28 Reading sectionReading Item58301620_110000000000000_KHU_1984Central Library, BUET2015-06-28620.11/KHU/1984Central Library, BUET2015-06-28   11
 2015-06-30 Reading sectionReading Item58296620_110000000000000_KHU_1984Central Library, BUET2015-06-30620.11/KHU/1984Central Library, BUET2015-06-30   12
 2015-06-30 Reading sectionReading Item58295620_110000000000000_KHU_1984Central Library, BUET2015-06-30620.11/KHU/1984Central Library, BUET2015-06-30   13
 2015-07-02 Reading sectionReading Item58302620_110000000000000_KHU_1984Central Library, BUET2015-07-02620.11/KHU/1984Central Library, BUET2015-07-02   14